| 000 | 00419nam a22001697a 4500 | ||
|---|---|---|---|
| 003 | OSt | ||
| 008 | 230509b |||||||| |||| 00| 0 eng d | ||
| 020 | _a9781501147722 | ||
| 082 | _a158.2 GRF | ||
| 100 | _aGRAZER,Brian | ||
| 245 | _aFace to Face the Art of Human Connection | ||
| 250 | _a1st Ed | ||
| 260 |
_aNew Delhi _bSimon and Schuster _c2019 |
||
| 300 | _a198 | ||
| 650 | _aDecentralization | ||
| 942 |
_2ddc _cREF |
||
| 999 |
_c12007 _d12007 |
||